000 00976nam a2200265Ia 4500
003 OSt
005 20221005110941.0
006 a|||||r|||| 00| 0
007 ta
008 221004b |||||||| |||| 00| 0 hin d
020 _a9788171787906 (hbk)
_c150
024 _a10960
037 _b8178, 20/03/2014, Rajkamal Prakashan Pvt. Ltd.
_cTextual
040 _aCRL
_cCRL
_bhin
041 _2hin
_ahin
082 _aO152,3N25,SG, L4;Q3
100 _aशुक्ल, श्रीलाल
245 0 _aसुनी घाटी का सूरज
246 _aSunī ghāṭī kā sūraja
260 _aनई दिल्ली
_bराजकमलल प्रकाशन भारत
_c2013
300 _a139पृ0
_ccm.
650 _aहिन्दी साहित्य
942 _hO152,3N25,SG, L4;Q3
_cTEXL
_2cc
999 _c1020346
_d1020346